| 000 | 00663nam a2200217Ia 4500 | ||
|---|---|---|---|
| 005 | 20241129111237.0 | ||
| 008 | 241129s9999||||xx |||||||||||||| ||und|| | ||
| 020 | _a978-0-19-888309-8 | ||
| 037 | _aTB | ||
| 040 |
_aCRL _beng _cCRL |
||
| 041 |
_aeng _2eng |
||
| 084 |
_aR4,(D65,8(B)) R3 _qCRL |
||
| 100 |
_aFloridi Luciang Au. _9723790 |
||
| 245 | 0 |
_aEthics of artificial intelligence: principles, challenges, and opportunities _cFloridi Luciang Au. |
|
| 260 |
_aOxford, USA _bUniversity Press _c2023 |
||
| 300 | _axxii,243p. | ||
| 365 |
_aUKP _b30 |
||
| 650 | _aEthics Philosophy | ||
| 942 |
_cTB _hR4,(D65,8(B)) R3 |
||
| 999 |
_c1229550 _d1229550 |
||